000 00530nam a2200181Ia 4500
008 240925s9999 xx 000 0 und d
020 _a9780071755498
082 _a519.5 SPI
100 _aSpiegel, Murray R; Stephen, Larry J
245 0 _aSchaum's Outlines Statistics
250 _a4th
260 _aNew Delhi:
_bMcGraw Hill Education (India) Private Limited
_c,2007.
300 _axxiii, 1320p.
_b0
_fOriginal
500 _aIncludes Index
600 _aHumanities & Natural Science
650 _aMathematics
942 _cBK
999 _c15227
_d15227